000 00549cam a2200193 4500
001 D7758
008 090401t1928 xxu||||| |||| 00| 0 eng d
035 _a(Sirsi) u9179
041 _aeng
050 _a333.3320212
100 _aParry, Richard
245 _aValuation tables for the use of surveyors, valuers, land agents, auctioneers..., also for the use of valuers of commercial undertakings
250 _a3rd
260 _aLondon
_bEstates Gazette
_c1928
300 _aviii. 257p. 22cm
350 _a0
942 _n0
948 _c04/03/1997
999 _c86612
_d86612